000 01462nam a2200301 a 4500
001 61715
003 BD-RjUL
005 20211209081008.0
008 170121s2005 bg a s o000 0|eng||
020 _a9845085628
_c: Tk. 500.00 Inland
035 _a(BD-RjUL)61839
040 _aDLC
_cDLC
_dDLC
_dBD-RjUL
_beng
041 0 _aengben
082 _223
_a304.6095492021
_bTHA 2005 (ZS)
110 _aBangladesh Bureau of Statistics.
_9179266
245 1 0 _aBangladesh population census-2001 = বাংলাদেশ আদমশুমারি-২০০১ :
_bZila series, Zila: Thakurgaon = জেলা সিরিজ, জেলা: ঠাকুরগাঁও /
_cBangladesh Bureau of Statistics.
246 _aবাংলাদেশ আদমশুমারি-২০০১ :
_bজেলা সিরিজ, জেলা : ঠাকুরগাঁও
260 _aDhaka :
_bBangladesh Bureau of Statistics,
_c2005.
300 _axvii, 287 p. :
_bill. ;
_c28 cm.
490 _aZila series, Zila: Thakurgaon
490 _aজেলা সিরিজ, জেলা: ঠাকুরগাঁও
500 _aPrefatory matter in Bengali and English.
651 _aBangladesh
_zThakurgaon
_vcensus, 2001
_9183792
651 _aBangladesh
_zThakurgaon
_xPopulation
_vStatistics
_9183793
830 _aZila series, Zila: Thakurgaon
_9182147
830 _aজেলা সিরিজ, জেলা: ঠাকুরগাঁও
_9184280
942 _2ddc
_cRAR
999 _c61715
_d61715